000 00357nam a2200121Ia 4500
008 220901s9999||||xx |||||||||||||| ||und||
082 _a532 BAN
100 _aBanerjee, Narayan and et.al.
245 0 _aIndian journal of physics
250 _aVol. 83 Issue. 4, 5 & 6
260 _bIndian Association for the cultivation of science
_c2009
650 _aPhysics
999 _c194000
_d194000